• 首页
  • 本馆介绍
  • 公告通知
  • 最新文献
  • 馆藏检索
  • 电子资源
  • 读者导购
  • 参考咨询
  • 我的图书馆
  • 登录
  • 详细信息显示
  • 放入我的书架
  • 预约/预借图书
  • 作者相关作品
  • 分类相关作品
  • 丛书相关作品
  • 出版社相关作品

书目信息

  • 表格格式
  • 工作单格式
  • 卡片格式
题名:
3ds Max/V-Ray建模技巧与渲染的艺术
    
 
作者: 熊伟 , 张胜全 主编
分册:  
出版信息: 合肥   合肥工业大学出版社  2016.6
页数: 180页
开本: 29cm
丛书名:
单 册:
中图分类: TU238-39
科图分类:
主题词: 室内装饰设计--计算机辅助设计--三维动画软件
电子资源:
ISBN: 978-7-5650-2726-0
000 01032nam0 2200253 450
001 0400002310
005 20171020162656.0
010    @a978-7-5650-2726-0@dCNY58.00
100    @a20160923d2016 em y0chiy50 ea
101 0  @achi
102    @aCN@b340000
105    @aa z 000yy
106    @ar
200 1  @a3ds Max/V-Ray建模技巧与渲染的艺术@93ds Max/V-Ray jian mo ji qiao yu xuan ran de yi shu@f熊伟, 张胜全主编
210    @a合肥@c合肥工业大学出版社@d2016.6
215    @a180页@c图@d29cm
300    @a普通高等教育应用技术型院校艺术设计类专业规划教材
330    @a本书共分三部分九个章节。第一部分的第一至四章讲述3ds Max和V-Ray的基础操作。第二部分的第五至七章为案例教学,介绍了家用产品及家具的多边形建模以及效果图渲染。第三部分的第八至九章为室内效果图制作,讲解房型建模以及材质、灯光、渲染。
606 0  @a室内装饰设计@x计算机辅助设计@x三维动画软件
690    @aTU238-39@v5
701  0 @a熊伟@9Xiong Wei@4主编
701  0 @a张胜全@9zhang sheng quan@4主编
801  0 @aCN@b91MARC@c20171020
905    @b1032010-4@dTU238-39@f5@e1130
    
    3ds Max/V-Ray建模技巧与渲染的艺术/熊伟, 张胜全主编.-合肥:合肥工业大学出版社,2016.6
    180页:图;29cm
    普通高等教育应用技术型院校艺术设计类专业规划教材
    
    ISBN 978-7-5650-2726-0:CNY58.00
    本书共分三部分九个章节。第一部分的第一至四章讲述3ds Max和V-Ray的基础操作。第二部分的第五至七章为案例教学,介绍了家用产品及家具的多边形建模以及效果图渲染。第三部分的第八至九章为室内效果图制作,讲解房型建模以及材质、灯光、渲染。
●
相关链接 在E读中查询图书 在五车中查询图书 在当当中查询图书 在豆瓣中查询图书


正题名:3ds Max/V-Ray建模技巧与渲染的艺术     索取号:TU238-39/1130         预约/预借

序号 登录号 条形码 馆藏地/架位号 状态 备注
1 1032010   210320106   第二样本阅览室/ [索取号:TU238-39/1130] 在馆    
2 1032011   210320115   密集书库-生命科学系/ [索取号:TU238-39/1130] 在馆    
3 1032012   210320124   第三借阅区/ [索取号:TU238-39/1130] 在馆    
4 1032013   210320133   第三借阅区/ [索取号:TU238-39/1130] 在馆    
5 1032014   210320142   第三借阅区/ [索取号:TU238-39/1130] 在馆    
唐山师范学院图书馆 欢迎您!
大连网信软件有限公司© 版权所有